World retail data and statistics 2012.
| Format: | Book |
|---|---|
| Published: |
London:
Euromonitor International,
2012.
|
| Edition: | 7th ed. |
| Subjects: |
| LEADER | 00422cam a2200145 7i4500 | ||
|---|---|---|---|
| 001 | 0000029196 | ||
| 005 | 20130722090000.0 | ||
| 020 | 0 | 0 | |a 9781842645796 |
| 090 | 0 | 0 | |a STAT 338.9 |b WOR |
| 245 | 0 | 0 | |a World retail data and statistics 2012. |
| 250 | 0 | 0 | |a 7th ed. |
| 260 | 0 | 0 | |a London: |b Euromonitor International, |c 2012. |
| 300 | # | # | |a 298 p. |
| 650 | 0 | 0 | |a Retailing -- |x Statistics |
| 999 | |a B000032650 |b Book |c Statistics |e Business Information Centre | ||


